Hansel y Grethel / (Record no. 21240)

MARC details
000 -LEADER
fixed length control field 01250cam a2200397Ia 4500
001 - CONTROL NUMBER
control field 49992385
003 - CONTROL NUMBER IDENTIFIER
control field OCoLC
005 - DATE AND TIME OF LATEST TRANSACTION
control field 20180824193306.0
008 - FIXED-LENGTH DATA ELEMENTS--GENERAL INFORMATION
fixed length control field 020613s1999 sp a j 000 0 spa d
020 ## - INTERNATIONAL STANDARD BOOK NUMBER
International Standard Book Number 847864377X (pbk.)
020 ## - INTERNATIONAL STANDARD BOOK NUMBER
International Standard Book Number 9788478643776 (pbk.)
040 ## - CATALOGING SOURCE
Original cataloging agency TOL
Language of cataloging eng
Transcribing agency TOL
Modifying agency OCLCQ
-- BAKER
-- BTCTA
-- YOL
041 1# - LANGUAGE CODE
Language code of text/sound track or separate title spa
Language code of original und
043 ## - GEOGRAPHIC AREA CODE
Geographic area code e-gx---
050 #4 - LIBRARY OF CONGRESS CALL NUMBER
Classification number PZ74
Item number .C37x 1999
082 #4 - DEWEY DECIMAL CLASSIFICATION NUMBER
Classification number 398.21
092 ## - LOCALLY ASSIGNED DEWEY CALL NUMBER (OCLC)
Classification number SP E CAP
100 1# - MAIN ENTRY--PERSONAL NAME
Personal name Capellades, Enriqueta.
245 10 - TITLE STATEMENT
Title Hansel y Grethel /
Statement of responsibility, etc. [ilustraciones, Margarita Ruiz ; adaptacion, Enriqueta Capellades y Angelina Gatell].
250 ## - EDITION STATEMENT
Edition statement 1. ed.
260 ## - PUBLICATION, DISTRIBUTION, ETC. (IMPRINT)
Place of publication, distribution, etc. Barcelona :
Name of publisher, distributor, etc. Editorial Esin,
Date of publication, distribution, etc. 1999.
300 ## - PHYSICAL DESCRIPTION
Extent 1 volume (unpaged) :
Other physical details chiefly color illustrations ;
Dimensions 26 cm.
336 ## - CONTENT TYPE
Content type term text
Content type code txt
Source rdacontent.
337 ## - MEDIA TYPE
Media type term unmediated
Media type code n
Source rdamedia.
338 ## - CARRIER TYPE
Carrier type term volume
Carrier type code nc
Source rdacarrier.
490 1# - SERIES STATEMENT
Series statement Coleccion troquelados clasicos ;
Volume/sequential designation 20.
500 ## - GENERAL NOTE
General note Cover title.
650 #0 - SUBJECT ADDED ENTRY--TOPICAL TERM
Topical term or geographic name as entry element Fairy tales.
650 #0 - SUBJECT ADDED ENTRY--TOPICAL TERM
Topical term or geographic name as entry element Folklore
Geographic subdivision Germany.
650 #1 - SUBJECT ADDED ENTRY--TOPICAL TERM
Topical term or geographic name as entry element Spanish language materials.
700 1# - ADDED ENTRY--PERSONAL NAME
Personal name Gatell, Angelina,
Dates associated with a name 1926-
700 1# - ADDED ENTRY--PERSONAL NAME
Personal name Ruiz, Margarita.
730 0# - ADDED ENTRY--UNIFORM TITLE
Uniform title Hansel and Gretel.
Language of a work Spanish.
830 #0 - SERIES ADDED ENTRY--UNIFORM TITLE
Uniform title Coleccion Troquelados clasicos ;
Volume number/sequential designation 20.
942 ## - ADDED ENTRY ELEMENTS (KOHA)
Koha item type Libro/Book
Holdings
Withdrawn status Lost status Source of classification or shelving scheme Damaged status Not for loan Home library Current library Date acquired Total Checkouts Full call number Barcode Date last seen Date checked out Price effective from Koha item type
    Dewey Decimal Classification     San Juan Del Sur -- Biblioteca San Juan Del Sur -- Biblioteca 20/02/2020 3 398.21 30009813 19/03/2021 18/03/2021 20/02/2020 Libro/Book

Powered by Koha